000 00651nam a2200277Ia 4500
005 20260324111534.0
008 008 260324s9999 xx 000 0 eng d
020 _a9781003585657
037 _aEBOOK
040 _aCRL
040 _beng
040 _cCRL
041 _2eng
041 _aeng
084 _qCRL
100 _aKhan Mahmud Amanat
_91138978
245 0 _aReinforcement for Modern Concrete Structures
260 _bTaylor and Francis
260 _c2025
365 _a
365 _b195
856 _uhttp://www.taylorfrancis.com/books/9781003585657
942 _cEBOOK
999 _c1727842
_d1727842